Eksport udført — 

Current ornithology

Đã lưu trong:
Bibliografiske detaljer
Hovedforfatter: Current ornithology
Format: Bog
Sprog:Undetermined
Udgivet: New York Kluwer Academic 1999
Fag:
Tags: Tilføj Tag
Ingen Tags, Vær først til at tagge denne postø!
Thư viện lưu trữ: Trung tâm Học liệu Trường Đại học Cần Thơ
LEADER 00551nam a2200169Ia 4500
001 CTU_48952
008 210402s9999 xx 000 0 und d
082 |a 598.05 
082 |b C976/Vol.15 
100 |a Current ornithology 
245 0 |a Current ornithology 
245 0 |c Current ornithology; Biên tập, hiệu đính: Ellen D. Ketterson, VAL NOLAN, Charrles F. Thompson 
260 |a New York 
260 |b Kluwer Academic 
260 |c 1999 
650 |a eornithology - periodicals 
980 |a Trung tâm Học liệu Trường Đại học Cần Thơ